<?xml version="1.0" encoding="UTF-8"?>
<record
    xmlns:xsi="http://www.w3.org/2001/XMLSchema-instance"
    xsi:schemaLocation="http://www.loc.gov/MARC21/slim http://www.loc.gov/standards/marcxml/schema/MARC21slim.xsd"
    xmlns="http://www.loc.gov/MARC21/slim">

  <leader>00516nam a2200169   4500</leader>
  <controlfield tag="001">4790</controlfield>
  <controlfield tag="005">20181127174125.0</controlfield>
  <datafield tag="090" ind1="0" ind2="0">
    <subfield code="a">330 E1929r 2015 </subfield>
  </datafield>
  <datafield tag="245" ind1="0" ind2="0">
    <subfield code="a">Eco 202 </subfield>
    <subfield code="b">coursepack /</subfield>
    <subfield code="c">Royal Thimphu College.</subfield>
    <subfield code="h"></subfield>
  </datafield>
  <datafield tag="260" ind1="0" ind2="0">
    <subfield code="a">Thimphu :</subfield>
    <subfield code="b">Royal Thimphu College,</subfield>
    <subfield code="c">2015.</subfield>
  </datafield>
  <datafield tag="300" ind1="0" ind2="0">
    <subfield code="a">193 p.</subfield>
  </datafield>
  <datafield tag="500" ind1=" " ind2=" ">
    <subfield code="a">""""""""Royal Thimphu College, Thimphu""""""""</subfield>
  </datafield>
  <datafield tag="500" ind1=" " ind2=" ">
    <subfield code="a">"""For ECO 202 program use only"""</subfield>
  </datafield>
  <datafield tag="500" ind1=" " ind2=" ">
    <subfield code="a">ECO 202 Course Pack for Fall 2015-</subfield>
  </datafield>
  <datafield tag="500" ind1=" " ind2=" ">
    <subfield code="a">Xerographic copy in a binder.</subfield>
  </datafield>
  <datafield tag="650" ind1="0" ind2="0">
    <subfield code="a">Economic.</subfield>
    <subfield code="x"></subfield>
  </datafield>
  <datafield tag="999" ind1=" " ind2=" ">
    <subfield code="c">3975</subfield>
    <subfield code="d">3975</subfield>
  </datafield>
  <datafield tag="952" ind1=" " ind2=" ">
    <subfield code="0">0</subfield>
    <subfield code="1">0</subfield>
    <subfield code="2">ddc</subfield>
    <subfield code="4">0</subfield>
    <subfield code="7">0</subfield>
    <subfield code="8">FAC RES</subfield>
    <subfield code="a">RTCLIB</subfield>
    <subfield code="b">RTCLIB</subfield>
    <subfield code="c">FAC RES</subfield>
    <subfield code="d">2021-12-23</subfield>
    <subfield code="h"> </subfield>
    <subfield code="i">7559</subfield>
    <subfield code="l">0</subfield>
    <subfield code="o">330 ECO</subfield>
    <subfield code="p">30007695</subfield>
    <subfield code="r">2022-02-28 00:00:00</subfield>
    <subfield code="t">2</subfield>
    <subfield code="w">2018-11-27</subfield>
    <subfield code="y">FAC RES</subfield>
  </datafield>
  <datafield tag="952" ind1=" " ind2=" ">
    <subfield code="0">0</subfield>
    <subfield code="1">0</subfield>
    <subfield code="2">ddc</subfield>
    <subfield code="4">0</subfield>
    <subfield code="7">0</subfield>
    <subfield code="8">FAC RES</subfield>
    <subfield code="a">RTCLIB</subfield>
    <subfield code="b">RTCLIB</subfield>
    <subfield code="c">FAC RES</subfield>
    <subfield code="d">2021-12-23</subfield>
    <subfield code="h"> </subfield>
    <subfield code="i">7561</subfield>
    <subfield code="l">0</subfield>
    <subfield code="o">330  ECO</subfield>
    <subfield code="p">30007702</subfield>
    <subfield code="r">2022-02-28 00:00:00</subfield>
    <subfield code="t">1</subfield>
    <subfield code="w">2018-11-27</subfield>
    <subfield code="y">FAC RES</subfield>
  </datafield>
  <datafield tag="952" ind1=" " ind2=" ">
    <subfield code="0">0</subfield>
    <subfield code="1">0</subfield>
    <subfield code="2">ddc</subfield>
    <subfield code="4">0</subfield>
    <subfield code="7">0</subfield>
    <subfield code="8">FAC RES</subfield>
    <subfield code="a">RTCLIB</subfield>
    <subfield code="b">RTCLIB</subfield>
    <subfield code="c">FAC RES</subfield>
    <subfield code="d">2021-12-23</subfield>
    <subfield code="h"> </subfield>
    <subfield code="i">7560</subfield>
    <subfield code="l">0</subfield>
    <subfield code="o">330  ECO</subfield>
    <subfield code="p">30007684</subfield>
    <subfield code="r">2022-02-28 00:00:00</subfield>
    <subfield code="t">3</subfield>
    <subfield code="w">2018-11-27</subfield>
    <subfield code="y">FAC RES</subfield>
  </datafield>
  <datafield tag="952" ind1=" " ind2=" ">
    <subfield code="0">0</subfield>
    <subfield code="1">0</subfield>
    <subfield code="2">ddc</subfield>
    <subfield code="4">0</subfield>
    <subfield code="7">0</subfield>
    <subfield code="8">FAC RES</subfield>
    <subfield code="a">RTCLIB</subfield>
    <subfield code="b">RTCLIB</subfield>
    <subfield code="c">FAC RES</subfield>
    <subfield code="d">2021-12-23</subfield>
    <subfield code="h"> </subfield>
    <subfield code="i">9138</subfield>
    <subfield code="l">0</subfield>
    <subfield code="o">330  ECO</subfield>
    <subfield code="p">30009301</subfield>
    <subfield code="r">2022-02-28 00:00:00</subfield>
    <subfield code="t">1</subfield>
    <subfield code="w">2018-11-27</subfield>
    <subfield code="y">FAC RES</subfield>
  </datafield>
  <datafield tag="952" ind1=" " ind2=" ">
    <subfield code="0">0</subfield>
    <subfield code="1">0</subfield>
    <subfield code="2">ddc</subfield>
    <subfield code="4">0</subfield>
    <subfield code="7">0</subfield>
    <subfield code="8">FAC RES</subfield>
    <subfield code="a">RTCLIB</subfield>
    <subfield code="b">RTCLIB</subfield>
    <subfield code="c">FAC RES</subfield>
    <subfield code="d">2021-12-23</subfield>
    <subfield code="h"> </subfield>
    <subfield code="i">9215</subfield>
    <subfield code="l">0</subfield>
    <subfield code="o">330  ECO</subfield>
    <subfield code="p">30009197</subfield>
    <subfield code="r">2022-02-28 00:00:00</subfield>
    <subfield code="t">2</subfield>
    <subfield code="w">2018-11-27</subfield>
    <subfield code="y">FAC RES</subfield>
  </datafield>
  <datafield tag="952" ind1=" " ind2=" ">
    <subfield code="0">0</subfield>
    <subfield code="1">0</subfield>
    <subfield code="2">ddc</subfield>
    <subfield code="4">0</subfield>
    <subfield code="7">0</subfield>
    <subfield code="8">Binding</subfield>
    <subfield code="a">RTCLIB</subfield>
    <subfield code="b">RTCLIB</subfield>
    <subfield code="c">CE Textbook</subfield>
    <subfield code="d">2022-12-30</subfield>
    <subfield code="h">176070</subfield>
    <subfield code="o">330 ECO c.1</subfield>
    <subfield code="p">30017343</subfield>
    <subfield code="r">2022-12-30 00:00:00</subfield>
    <subfield code="w">2022-12-30</subfield>
    <subfield code="y">CE TEXBOOK</subfield>
  </datafield>
  <datafield tag="952" ind1=" " ind2=" ">
    <subfield code="0">0</subfield>
    <subfield code="1">0</subfield>
    <subfield code="2">ddc</subfield>
    <subfield code="4">0</subfield>
    <subfield code="7">0</subfield>
    <subfield code="8">Binding</subfield>
    <subfield code="a">RTCLIB</subfield>
    <subfield code="b">RTCLIB</subfield>
    <subfield code="c">CE Textbook</subfield>
    <subfield code="d">2022-12-30</subfield>
    <subfield code="h">176071</subfield>
    <subfield code="o">330 ECO c.2</subfield>
    <subfield code="p">30017323</subfield>
    <subfield code="r">2022-12-30 00:00:00</subfield>
    <subfield code="w">2022-12-30</subfield>
    <subfield code="y">CE TEXBOOK</subfield>
  </datafield>
</record>
